słone przekąski - Statystyki

Ogólne statystyki
  • Ten quiz został rozwiązany 344 razy
  • Średni wynik to 5 z 9
Statystyki odpowiedzi
Odpowiedzi % Poprawnych
Chipsy
97%
Paluszki
93%
Orzeszki
70%
Krakersy
65%
Popcorn
56%
Precle
35%
Frytki
32%
Nachosy
28%
Słonecznik
10%
Nie znaleziono quizów pasujących do podanych kryteriów
Rozkład punktacji
Procent ludzi z każdym wynikiem
Percentyl według liczby udzielonych odpowiedzi
Twoja historia wyników
Nie rozwiązałeś tego quizu